Košariská

Bibliographic Details
Format: Article
Language:Slovak
PhysicalDescription:Fotogr.
Subjects:

MARC

LEADER 00000nab a2200000 ar4500
001 vtls010130407
003 SK-MaSNL
005 20260305041023.0
008 100909c2010 xo qr|p|||||||000 b|slo
038 |a RVGKPD 
040 |a RVGKPD  |b slo  |c RVGKPD  |e AACR2 
041 |a slo 
044 |a xo  |c SK 
080 |a 796.51  |2 1997 
245 0 0 |a Košariská  |c [autor] DL 
300 |b Fotogr. 
650 0 7 |a turistické výstupy  |2 rvgkpd  |9 698330 
651 7 |a Gemerská Poloma (Slovensko)  |2 rvgkpd  |9 29357 
651 7 |a Rožňava (Slovensko : okres)  |2 rvgkpd  |9 19215 
773 0 |t Polomské noviny  |g Roč. XV, č. 2 (júl 2010), s. 18 
852 |a RVGKPD  |b KIS3G 
992 |a RBX 
999 |c 3341619  |d 3343549